Das Evangelium des heiligen Johannes

Na minha lista:
Detalhes bibliográficos
Autor principal: Belser, Johannes Evangelist (Autor)
Formato: Livro
Idioma:alemão
Publicado em: Friburgo de Brisgovia Herder 1905
Edição:1a. ed
Assuntos:
Tags: Adicionar Tag
Sem tags, seja o primeiro a adicionar uma tag!

MARC

LEADER 00000cam a2200000 a 4500
001 UCD2491
003 CL-VaPUC
008 160428e19050000gw |||||||||||||||||ger|d
082 0 4 |a 226.5  |b BEL  |2 21 
100 0 |a Belser, Johannes Evangelist  |e author  |9 585839 
245 1 4 |a Das Evangelium des heiligen Johannes 
250 |a 1a. ed 
300 |a 576 p 
942 |c BK 
945 |d 20160428 21:50:00  |a dcastane 
260 |a Friburgo de Brisgovia  |b Herder  |c 1905 
650 0 |a Evangelio de San Juan   |9 536353 
650 0 |a Evangelios  |9 314864 
583 |a last modification  |c 20160428 21:50:00  |k Rodrigo Vera 
999 |c 363653  |d 363651 
952 |0 0  |1 0  |3 erd  |4 0  |6 226_500000000000000_BEL_1905  |7 0  |8 X  |9 476273  |a BIBTEO  |b BIBTEO  |c TEO_FFR  |i 5228883  |o 226.5 BEL 1905  |p 5228883  |r 2024-01-18  |w 2019-11-24  |y BK_X  |z Catalogado en:20160428  |k OFM